Statistics for Назови историческую личность по Картине

Click here to take the quiz!

General Stats

  • This quiz has been taken 1 222 times
  • The average score is 20 of 46

Answer Stats

Answer% Correct
Владимир Ленин
98%
Иосиф Сталин
95%
Адольф Гитлер
88%
Наполеон
81%
Альберт Эйнштейн
77%
Чарли Чаплин
74%
Лев Толстой
72%
Винсент Ван Гог
64%
Джордж Вашингтон
63%
Людвиг Ван Бетховен
63%
Никола Тесла
59%
Моцарт
57%
Пеле
54%
Уинстон Черчилль
54%
Мать Тереза
54%
Уильям Шекспир
51%
Туттанхаммон
49%
Михаил Горбачёв
47%
Авраам Линкольн
47%
Никита Хрущёв
45%
Нил Армстронг
44%
Иоанн Себастьян Бах
44%
Брюс Ли
43%
Хирохито
41%
Франклин Рузвельт
41%
Королева Мэри
40%
Ким Ир Сен
36%
Леонардо Да Винчи
36%
Бенито Муссолини
36%
Королева Виктория
33%
Чингиз-хан
32%
Исаак Ньютон
32%
Бенджамин Франклин
31%
Королева Елизавета I
27%
Мао Цзэдун
25%
Юлий Цезарь
25%
Чарльз Дарвин
21%
Август(Гай Октавий)
20%
Людовик XIV
17%
Кайзер Вильгельм II
12%
Томас Эдисон
9%
Марлин Монро
8%
Альфред Нобель
7%
Мартин Лютер Кинг Младший
6%
Король Генри VIII
6%
Король Артур III
1%

Score Distribution

Percentile by Number Answered

Percent of People with Each Score

Your Score History

You have not taken this quiz